000 00472nam a2200121Ia 4500
008 220216s9999 xx 000 0 und d
100 _aRamakrishnan V
245 0 _aMachining and downstream processing of rubber wood
260 _bIn: Rubber wood Processing and Utilisation in India. (Ed.R. Gnanaharan et al.)Science and Technology Entrepreneurship Development Project, Kozhikode, 2002. pp.66-72
650 _aDownstream processing
650 _aRubber wood
942 _cJS
999 _c62344
_d62344